| 000 | 00971nam a22002417a 4500 | ||
|---|---|---|---|
| 005 | 20240530110559.0 | ||
| 008 | 160903s2013 ua g 000 0dara d | ||
| 017 |
_a2012/8968 _bمصر . دار الكتب المصرية |
||
| 020 | _a9789772060891 | ||
| 040 | _aEG-CaGPL | ||
| 082 | 0 | 4 |
_221 _a907.2\ _bهـ ت |
| 100 | 1 | _aهوفر ، بيتر تشارلز | |
| 245 | 1 | 0 |
_aتناقضات المؤرخين : _bدراسه التاريخ فى زماننا / _cتاليف بيتر تشالز هوفر ؛ ترجمة و تقديم قاسم عبده قاسم . |
| 250 | _aط1. | ||
| 260 |
_aالقاهره : _bالمركز القومى للترجمه ، _c2013 . |
||
| 300 |
_a347 ص ؛ _c24 سم . |
||
| 490 | 0 |
_aالمشروع القومى للترجمة _v2192 |
|
| 650 | 0 | 4 | _aالمؤرخون . |
| 650 | 0 | 4 | _aالتأريخ . |
| 700 | 0 |
_aقاسم عبده قاسم _eمترجم و مقدم . |
|
| 942 |
_2ddc _cBK |
||
| 999 |
_c62627 _d62627 |
||